Histoire et procès complet des assassins de M. Fauldès, par le sténographe parisien. Procédure d' Albi

Detalles Bibliográficos
Formato: Libro
Lenguaje:Undetermined
French
Publicado: a Paris : chez Pillet imprimeur-librairie, 1818.
Materias:
Colección:Banco de datos
Acervo:Biblioteca Palafoxiana. Colección bibliográfica
Descripción Física:t. ; 4°
Tema general:Derecho civil
Notas:Daños en la encuadernación. Número de localización: t.1 (37805) ; t.2 (37800) Atlas
LEADER 00598nam a2200157Ia 4500
008 150723s9999 xx 000 0 und d
041 0 |a fre 
050 0 |a PAFX K623 H5 
245 1 0 |a Histoire et procès complet des assassins de M. Fauldès, par le sténographe parisien. Procédure d' Albi 
260 |a a Paris : chez Pillet imprimeur-librairie, 1818. 
300 |a t. ; 4° 
500 |a Daños en la encuadernación. Número de localización: t.1 (37805) ; t.2 (37800) Atlas 
650 1 0 |a Derecho civil 
942 |c PALALIB 
943 |g Biblioteca Palafoxiana. Colección bibliográfica 
999 |c 1061476  |d 1061476